<?xml version="1.0" encoding="UTF-8"?>
<marc:record xmlns:marc="http://www.loc.gov/MARC21/slim">
   <marc:leader>00000nam a2200000 a 4500</marc:leader>
   <marc:datafield ind1="0" ind2="0" tag="245">
      <marc:subfield code="a">Welcher Dino leuchtet da?</marc:subfield>
   </marc:datafield>
   <marc:datafield ind1="0" ind2="0" tag="245">
      <marc:subfield code="b">nachtleuchtendes Memo-Spiel</marc:subfield>
   </marc:datafield>
   <marc:datafield ind1=" " ind2="1" tag="264">
      <marc:subfield code="a">Stuttgart</marc:subfield>
      <marc:subfield code="b">Kosmos</marc:subfield>
   </marc:datafield>
   <marc:datafield ind1="1" ind2=" " tag="520">
      <marc:subfield code="a">Leuchtende Dinos im Kinderzimmer! T-Rex, Triceratops, Velociraptor, Brachiosaurus und Co. warten bei diesem Memo Spiel darauf, entdeckt zu werden. Kinder ab 4 Jahren machen sich schnell auf die Suche nach den passenden Pärchen. Damit ist das Kinderspiel aber noch nicht vorbei! Wie sahen wohl die Skelette der Dinos aus? Um das herauszufinden, schalten Dinosaurier-Forscher das Licht im Kinderzimmer aus. Sobald es ganz dunkel ist, leuchten die Knochen der beeindruckenden Urzeit-Tiere mit nachtleuchtender Farbe auf.</marc:subfield>
   </marc:datafield>
   <marc:datafield ind1="3" ind2=" " tag="024">
      <marc:subfield code="a">4002051680701</marc:subfield>
   </marc:datafield>
</marc:record>
